[Event "AUTO-ADV-3051"]
[Site "http://www.queenalice.com/game.php?id=1247599"]
[Date "2014.1.13"]
[Round "1"]
[White "x9"]
[Black "Marcelo_Smilov"]
[Result "1-0"]
[WhiteElo "1793"]
[BlackElo "1860"]

1. e4 e6 2. d4 d5 3. Qf3 dxe4 4. Qxe4 Nf6 5. Qe3 Nc6 6. Bb5 Bd7 7. Ne2 a6 8.
Bxc6 Bxc6 9. O-O Bd6 10. h3 O-O 11. Nbc3 Nd5 12. Nxd5 Bxd5 13. b3 Rc8 14. Nf4
Bxf4 15. Qxf4 Qd6 16. Qg4 c5 17. c4 Bc6 18. Bh6 Qxd4 19. Qg3 Rcd8 20. Rad1 Qf6
21. Rxd8 Rxd8 22. Bg5 Qd4 23. Bxd8 Qxd8 24. a3 h6 25. Re1 Qa5 26. Rd1 Qxa3 27.
Rd8+ Kh7 28. Qd3+ g6 29. Qc3 Qa2 30. Qh8# 1-0

[Event "AUTO-ADV-3051"]
[Site "http://www.queenalice.com/game.php?id=1247600"]
[Date "2014.1.13"]
[Round "1"]
[White "Marcelo_Smilov"]
[Black "x9"]
[Result "1-0"]
[WhiteElo "1816"]
[BlackElo "1812"]

1. d4 d5 2. c4 Bf5 3. Nc3 e6 4. Nf3 Bb4 5. e3 Ne7 6. cxd5 Nxd5 7. Bd2 Nxc3 8.
Bxc3 Bxc3+ 9. bxc3 O-O 10. Bd3 Bg4 11. h3 Bxf3 12. Qxf3 c6 13. O-O Nd7 14. Rab1
Rb8 15. c4 Ne5 16. Bxh7+ Kxh7 17. Qh5+ Kg8 18. Qxe5 b6 19. c5 b5 20. Qe4 a5 21.
Qxc6 b4 22. Qa4 g6 23. Rfd1 Qc7 24. e4 Kg7 25. Rbc1 Rh8 26. d5 exd5 27. exd5 Qe5
28. Qxa5 Qg5 29. d6 Rbd8 30. Qxb4 Rxh3 31. Qd4+ f6 32. c6 Rdh8 33. Qa7+ Kf8 34.
Qe7+ Kg8 35. Qe6+ Kf8 36. Qxh3 Rxh3 37. c7 Rh4 38. c8=Q+ Kf7 39. Rc7# 1-0

[Event "AUTO-ADV-3051"]
[Site "http://www.queenalice.com/game.php?id=1247601"]
[Date "2014.1.13"]
[Round "1"]
[White "x9"]
[Black "ChessLeticia"]
[Result "0-1"]
[WhiteElo "1796"]
[BlackElo "1838"]

1. e4 c5 2. Bc4 e6 3. Qf3 Nc6 4. Bb3 Nf6 5. d3 Be7 6. Ne2 O-O 7. O-O d6 8. c3
Ne5 9. Qg3 c4 10. dxc4 Nxe4 11. Qf4 Nc5 12. Bc2 Bd7 13. Nd2 Bc6 14. Ng3 Bg5 15.
Qd4 Qf6 16. Qxd6 Bxd2 17. Bxd2 Nf3+ 18. gxf3 Qxf3 19. Be4 Nxe4 20. Bg5 Nxg3 21.
Qxc6 Ne2# 0-1

[Event "AUTO-ADV-3051"]
[Site "http://www.queenalice.com/game.php?id=1247602"]
[Date "2014.1.13"]
[Round "1"]
[White "ChessLeticia"]
[Black "x9"]
[Result "0-1"]
[WhiteElo "1879"]
[BlackElo "1783"]

1. e4 e5 2. f4 Qf6 3. Nf3 Qxf4 4. d3 Qf6 5. Bg5 Qg6 6. Qd2 d6 7. Nc3 c6 8. O-O-O
Nf6 9. Nh4 Qh5 10. Be2 Bg4 11. Bxg4 Nxg4 12. h3 Nf2 13. g4 Nxg4 14. hxg4 Qxg4
15. Rdg1 Qe6 16. Nf5 h6 17. Be3 Nd7 18. Nxg7+ Bxg7 19. Rxg7 O-O-O 20. Na4 Qxa2
21. Nc3 Qa1+ 22. Nb1 f6 23. Rxh6 Nb8 24. Qh2 Rxh6 25. Qxh6 a6 26. Qxf6 Nd7 27.
Qxd6 Qa5 28. Bg5 Qe1# 0-1

[Event "AUTO-ADV-3073"]
[Site "http://www.queenalice.com/game.php?id=1255404"]
[Date "2014.2.11"]
[Round "1"]
[White "chicobarretov"]
[Black "x9"]
[Result "0-1"]
[WhiteElo "1671"]
[BlackElo "1839"]

1. e4 e5 2. Nf3 Qf6 3. Nc3 c6 4. Be2 Bc5 5. b3 d6 6. Bb2 Ne7 7. O-O Ng6 8. Bd3
Nf4 9. Ne1 Qg6 10. Kh1 O-O 11. Ne2 Bg4 12. f3 Nxg2 0-1

[Event "AUTO-ADV-3073"]
[Site "http://www.queenalice.com/game.php?id=1255405"]
[Date "2014.2.11"]
[Round "1"]
[White "x9"]
[Black "chicobarretov"]
[Result "1-0"]
[WhiteElo "1829"]
[BlackElo "1681"]

1. e4 e5 2. Bc4 Nf6 3. Qf3 Nc6 4. c3 Bc5 5. a4 b6 6. d3 d6 7. b4 Bg4 8. Qg3 Bxb4
9. cxb4 Nxb4 10. Bb3 h5 11. h3 Be6 12. Bxe6 1-0

[Event "AUTO-ADV-3073"]
[Site "http://www.queenalice.com/game.php?id=1255428"]
[Date "2014.2.11"]
[Round "1"]
[White "x9"]
[Black "marcomasao"]
[Result "1-0"]
[WhiteElo "1848"]
[BlackElo "1654"]

1. e4 e5 2. Bc4 Bc5 3. Qf3 Qe7 4. d3 Nf6 5. Bg5 Nc6 6. c3 d6 7. h3 Bd7 8. Bxf6
Qxf6 9. Qxf6 gxf6 10. Nf3 a6 11. Nbd2 O-O-O 12. Bxf7 Ba7 13. O-O Rdf8 14. Bd5 f5
15. Ng5 f4 16. Ndf3 Rf6 17. a4 Rg6 18. h4 Rf8 19. Nxh7 Re8 20. Bf7 Rg7 21. Bxe8
Rxh7 22. Bxd7+ Rxd7 23. Kh2 Nd8 24. Rad1 Ne6 25. Rd2 Nc5 26. Rh1 Nxa4 27. Kg1
Rh7 28. h5 Rh6 29. Kf1 c6 30. g4 fxg3 31. fxg3 Bb6 32. g4 Rf6 33. Kg2 Nc5 34. h6
Rf8 35. g5 Ne6 36. g6 Rg8 37. g7 Nxg7 38. hxg7 Rxg7+ 39. Kf1 Kb8 40. Rh6 Rf7 41.
Ke2 Bc7 42. Rd1 Rg7 43. Rg1 Rf7 44. Rg8+ Ka7 45. Rhh8 b5 46. Ra8+ Kb7 47. Ng5
Re7 48. Rae8 Rg7 49. Rh5 Kb6 50. Kf3 Kb7 51. Ne6 Rf7+ 52. Ke2 Kb6 53. Nxc7 Kxc7
54. Re6 Rg7 55. Kf2 Rf7+ 56. Rf5 Rh7 57. Ke2 Rh2+ 58. Rf2 Rh7 59. Kd1 Rh1+ 60.
Kc2 Rh7 61. Rff6 Rd7 62. Kb3 a5 63. Ka3 a4 64. b3 axb3 65. Kxb3 c5 66. Ka3 Kc6
67. Rxe5 Kc7 68. Rd5 Kc8 69. Rfxd6 Ra7+ 70. Kb3 Rc7 71. c4 b4 72. e5 Rh7 73.
Rxc5+ Kb7 74. Kxb4 Ka7 75. e6 Rh1 76. e7 Re1 77. Rd7+ Kb6 78. d4 Rb1+ 79. Kc3
Re1 80. Re5 Rc1+ 81. Kd3 Rd1+ 82. Kc2 Rh1 83. e8=Q Rh2+ 84. Re2 Rh3 85. Qe6+ Ka5
86. Re5+ Kb4 87. Rb5+ Ka3 88. Ra7# 1-0

[Event "AUTO-ADV-3073"]
[Site "http://www.queenalice.com/game.php?id=1255429"]
[Date "2014.2.11"]
[Round "1"]
[White "marcomasao"]
[Black "x9"]
[Result "1-0"]
[WhiteElo "1738"]
[BlackElo "1836"]

1. e4 e5 2. Bc4 a5 3. a4 Qf6 4. Nf3 Bc5 5. d3 h6 6. Bd2 d6 7. Nc3 c6 8. Qe2 Bg4
9. Ba2 Bxf3 10. Qxf3 Nd7 11. Qe2 Ne7 12. Be3 d5 13. h3 O-O 14. exd5 Bxe3 15.
fxe3 Rfe8 16. dxc6 bxc6 17. Rf1 Qh4+ 18. Kd2 Rab8 19. Bxf7+ Kh8 20. Bxe8 Rxe8
21. Rf3 Rb8 22. b3 Qb4 23. e4 Rd8 24. Qf2 Ng6 25. Qg3 Kh7 26. Rf7 Nc5 27. Re1
Rd6 28. h4 h5 29. Qg5 Nf4 30. Qxg7# 1-0

[Event "AUTO-INT-2576"]
[Site "http://www.queenalice.com/game.php?id=1259653"]
[Date "2014.2.24"]
[Round "3"]
[White "Tutankamon1"]
[Black "x9"]
[Result "1-0"]
[WhiteElo "1901"]
[BlackElo "1829"]

1. e4 e5 2. Nf3 Qf6 3. d3 h6 4. Nc3 c6 5. Be2 Bc5 6. a3 d6 7. h3 Ne7 8. Na4 Nd7
9. Bd2 b5 10. Nc3 O-O 11. O-O Qg6 12. Nh4 Qf6 13. Nf3 Qg6 14. b4 Bb6 15. a4 bxa4
16. Nxa4 f5 17. Nh4 Qf6 18. Nf3 Ng6 19. Bc3 Nf4 20. exf5 Nxe2+ 21. Qxe2 Qxf5 22.
Qe4 Bb7 23. Qxf5 1-0

[Event "AUTO-INT-2576"]
[Site "http://www.queenalice.com/game.php?id=1259654"]
[Date "2014.2.24"]
[Round "3"]
[White "x9"]
[Black "Tutankamon1"]
[Result "0-1"]
[WhiteElo "1843"]
[BlackElo "1887"]

1. e4 e5 2. Bc4 d6 3. Qf3 Qf6 4. d3 Nc6 5. c3 Bd7 6. Na3 a6 7. b4 Nd8 8. Nc2 Ba4
9. Ne3 c6 10. Ng4 Qxf3 11. Nxf3 b5 12. Bb3 Bxb3 13. axb3 Be7 14. O-O Nf6 15. Ne3
O-O 16. h3 Nh5 17. Nf5 Re8 18. Nxe7+ Rxe7 19. Nh4 Nf4 20. Bxf4 exf4 21. Nf5 Rd7
22. Rfe1 g6 23. Nd4 c5 24. bxc5 dxc5 25. Nxb5 Rxd3 26. Rec1 Ne6 27. f3 Rdd8 28.
Na3 Rdb8 29. Rab1 a5 30. c4 Nd4 31. Nb5 Nxb5 32. cxb5 Rxb5 33. Rc3 a4 0-1

[Event "AUTO-INT-2575"]
[Site "http://www.queenalice.com/game.php?id=1262407"]
[Date "2014.3.5"]
[Round "3"]
[White "marcomasa"]
[Black "x9"]
[Result "1-0"]
[WhiteElo "1700"]
[BlackElo "1866"]

1. e4 e5 2. Bc4 Bc5 3. Nf3 Qf6 4. d3 h6 5. Nc3 c6 6. a3 d6 7. Be3 Bxe3 8. fxe3
Bg4 9. Qe2 Ne7 10. h3 Bxf3 11. gxf3 O-O 12. O-O-O a5 13. Ba2 b5 14. Nb1 Nd7 15.
Qg2 c5 16. h4 h5 17. Nd2 Nb6 18. Nf1 b4 19. Ng3 g6 20. Nxh5 Qh8 21. Qg5 Qxh5 22.
Qxe7 Rad8 23. Rhg1 Qxf3 24. Rxg6+ Kh7 25. Rgg1 Qxe3+ 26. Kb1 Nc8 27. Qf6 Rg8 28.
Qxf7+ Kh8 29. Qh5+ 1-0

[Event "AUTO-INT-2575"]
[Site "http://www.queenalice.com/game.php?id=1262408"]
[Date "2014.3.5"]
[Round "3"]
[White "x9"]
[Black "marcomasa"]
[Result "1-0"]
[WhiteElo "1856"]
[BlackElo "1710"]

1. e4 e5 2. Nf3 Nc6 3. Bb5 Nf6 4. d3 Be7 5. Bxc6 dxc6 6. Nxe5 Bd7 7. O-O Bd6 8.
Bf4 Qe7 9. Nxd7 Bxf4 10. Nxf6+ Qxf6 11. Nc3 Qh6 12. h3 g5 13. Qg4 Qg6 14. Ne2
Be5 15. d4 Bd6 16. Rfe1 h5 17. Qf3 g4 18. Qg3 Qxe4 19. Nf4 Qxe1+ 20. Rxe1+ Kd7
21. Qe3 gxh3 22. Qxh3+ Kd8 23. Nxh5 a6 24. Qg4 b6 25. Qg5+ Kc8 26. Nf6 Kb7 27.
g3 Rad8 28. Ne4 Rhg8 29. Nxd6+ Kb8 30. Qe7 Rxd6 31. Qxf7 Rh8 32. Re8+ Rd8 33.
Rxh8 Rxh8 34. Qf6 Re8 35. Qxc6 Rd8 36. c3 Re8 37. Qxe8+ 1-0